INLAND WATERWAY (Registro nro. 37073)
[ vista simple ]
| 000 -LEADER | |
|---|---|
| fixed length control field | 00436nam a2200169 a 4500 |
| 001 - CONTROL NUMBER | |
| control field | 37073 |
| 005 - DATE AND TIME OF LATEST TRANSACTION | |
| control field | 20180714005857.0 |
| 008 - FIXED-LENGTH DATA ELEMENTS--GENERAL INFORMATION | |
| fixed length control field | 140415s1973 000 0 eng d |
| 041 ## - LANGUAGE CODE | |
| Language code of text/sound track or separate title | eng |
| 082 ## - DEWEY DECIMAL CLASSIFICATION NUMBER | |
| Classification number | 910.9163 |
| Item number | FIS |
| 100 1# - MAIN ENTRY--PERSONAL NAME | |
| Personal name | FISHER, ALLAN C. |
| 245 10 - TITLE STATEMENT | |
| Title | INLAND WATERWAY |
| 250 ## - EDITION STATEMENT | |
| Edition statement | 1a ed. |
| 260 ## - PUBLICATION, DISTRIBUTION, ETC. | |
| Place of publication, distribution, etc. | [s.l.] : |
| Name of publisher, distributor, etc. | NATIONAL GEOGRAPHIC SOCIETY, |
| Date of publication, distribution, etc. | 1973 |
| 300 ## - PHYSICAL DESCRIPTION | |
| Extent | 207 |
| 650 14 - SUBJECT ADDED ENTRY--TOPICAL TERM | |
| Topical term or geographic name entry element | EXPLORACIONES |
| General subdivision | ATLANTICO |
| Withdrawn status | Lost status | Source of classification or shelving scheme | Damaged status | Not for loan | Collection code | Home library | Current library | Shelving location | Date acquired | Source of acquisition | Inventory number | Total Checkouts | Full call number | Barcode | Date last seen | Price effective from | Koha item type |
|---|---|---|---|---|---|---|---|---|---|---|---|---|---|---|---|---|---|
| Dewey Decimal Classification | General | Biblioteca Karol Wojtyla | Biblioteca Karol Wojtyla | Sala general | 03/12/2013 | Compra | 151000000000000000009938 | 910.9163 FIS | 5577 | 05/01/2026 | 03/12/2013 | Libro |